Stained Glass - Madison Beer - Statistics

General Stats
  • This quiz has been taken 22 times
  • The average score is 201 of 248
Answer Stats
Hint Answer % Correct
I
100%
me
100%
of
100%
the
100%
you
100%
You
100%
a
94%
And
94%
and
94%
can't
94%
glass
94%
it's
94%
know
94%
made
94%
my
94%
Chorus | Verse 2 My
94%
stained
94%
apparently
88%
be
88%
But
88%
'Cause
88%
'cause
88%
gentle
88%
is
88%
little
88%
more
88%
never
88%
should
88%
skin
88%
so
88%
So
88%
all
82%
been
82%
have
82%
I'm
82%
Verse 1 Lately
82%
lately
82%
look
82%
pain
82%
that
82%
through
82%
to
82%
what
82%
will
82%
with
82%
break
76%
Bridge Break
76%
countin'
76%
cracks
76%
fall
76%
got
76%
if
76%
inside
76%
I've
76%
just
76%
might
76%
Might
76%
minutes
76%
notice
76%
out
76%
stay
76%
Then
76%
twice
76%
words
76%
another
71%
away
71%
far
71%
heart's
71%
heavy
71%
I'd
71%
left
71%
own
71%
ready
71%
said
71%
throw
71%
advice
65%
haven't
65%
stone
65%
taking
65%
into
59%
maybe
59%
memory
59%
need
53%
start
53%
black
47%
fade
47%
how
47%
life's
47%
white
47%
better
41%
colors
41%
everythin'
41%
Hey
41%
learning
41%
much
41%
should've
41%
starting
41%
hide
35%
'round
35%
faded
24%
No matching quizzes found
Score Distribution
Percent of People with Each Score
Percentile by Number Answered
Your Score History
You have not taken this quiz